000 00945nam a2200277 i 4500
001 000016988
003 DO-SdBNP
005 20251027133821.0
007 ta
008 100312s2002 dr a 000 0 spa d
040 _aDO-SdBNP
_bspa
_cBNPHU
_erda
041 _aspa
082 _axxx
_bB615b
_222
245 0 0 _aBiología básica bio-014 :
_bcuaderno de unidades teóricas I-II-III-IV /
_cZoila González...[ et al.].
264 _aSanto Domingo :
_bUASD,
_c2002.
300 _a119 páginas :
_bilustraciones ;
_c28 cm.
336 _ardacontent
_btexto
_2txt
337 _ardamedia
_bsin mediación
_2n
338 _ardacarrier
_bvolumen
_2nc
490 1 _aPublicaciones de la Universidad Autónoma de Santo Domingo
_v695
590 _aInventariado, 2025/DG
710 1 _aUniversidad Autónoma de Santo Domingo
_972951
830 0 _aPublicaciones de la Universidad Autónoma de Santo Domingo
_n695
_937529
910 _aDG
942 _2ddc
_cLBS1
999 _c16516
_d16516